000 00467nam a2200193Ia 4500
005 20140402153812.0
008 140130s9999 xx 000 0 und d
020 _a9780439888080
050 _aPZ 7
_b.L345g14 2008
100 _aLasky, Kathryn
_96040
245 _cKathryn Lasky.
_aExile /
260 _bScholastic,
_c2008.
_aUSA :
300 _a206 p. :
_c20 cm.
440 _v1
_931174
521 _aG5
526 _c780
942 _cBK
_2lcc
999 _c41120
_d41120